Szczegóły MARC21

Pieśni /

003 -Nazwa inst., której nr kontr. jest w polu 001 [,]
    • @
    • Nazwa instytucji, której n kontrolny jest w polu 001
    • NUKAT
005 -DATA I CZAS OSTATNIEJ MODYFIKACJI [,]
    • @
    • pole kontrolne
    • 20241231092844.0
020 -Międzynarod. znormalizowany nr książki - ISBN [ , ]
    • a
    • Numer ISBN
    • 8304022095 Find
040 -Instytucja sporządzająca opis [ , ]
    • a
    • Instytucja, która sporządziła opis (NP)
    • NUKAT
    • c
    • Instytucja, która sporządziła rekord (NP)
    • KR U/BG
    • d
    • Instytucja, która zmodyfikowała rekord (P)
    • WA U/SON51TC
942 -Rodzaj dokumentu [ , ]
    • c
    • Rodzaj dokumentu
    • Książka
100 -Hasło główne - nazwa osobowa [1, ]
    • a
    • Nazwa osobowa (NP)
    • Kochanowski, Jan
    • d
    • Daty biograficzne (NP)
    • (1530-1584).
    • 9
    • KHW
    • 7604
245 -Strefa tytułu i oznaczenia odpowiedzialności [1,0]
    • a
    • Tytuł
    • Pieśni / Find
    • c
    • Pozostałe elementy strefy tytułu i oznaczenia odpowiedzialności (NP)
    • Jan Kochanowski ; oprac. Maria Renata Mayenowa i Krystyna Wilczewska przy udziale Barbary Otwinowskiej oraz Maria Cytowska.
260 -Strefa adresu wydawniczego [ , ]
    • a
    • Miejsce wydania (P)
    • Wrocław [etc.] :
    • b
    • Nazwa wydawcy (P)
    • Zakład Narodowy im. Ossolińskich,
    • c
    • Data wydania (P)
    • 1991.
300 -Strefa opisu fizycznego [ , ]
    • a
    • Określenie formy książki i/lub objętość (NP)
    • 849, [3] s., [16] s. tabl. :
    • b
    • Oznaczenie ilustracji (NP)
    • il. ;
    • c
    • Format (NP)
    • 25 cm.
336 -Typ zawartości [ , ]
    • a
    • Termin opisujący typ zawartości
    • Tekst
    • b
    • Kod określający zawartość
    • txt
    • 2
    • Źródło (terminu i kodu)
    • rdacontent
337 -Typ mediów [ , ]
    • a
    • Tryb odtwarzania
    • Bez urządzenia pośredniczącego
    • b
    • Kod typu mediów
    • n
    • 2
    • Źródło (terminu i kodu)
    • rdamedia
338 -Typ/rodzaj nośnika [ , ]
    • a
    • Hasło opisujące typ nośnika
    • Wolumin
    • b
    • Kod typu nośnika
    • nc
    • 2
    • Źródło (terminu i kodu)
    • rdacarrier
490 -Strefa serii i książki wielotomowej - forma nie do wyszukiwania [1, ]
    • a
    • Tytuł (P)
    • Dzieła wszystkie : wydanie sejmowe / Jan Kochanowski ; red. nacz. Jerzy Woronczak ; kom. red. Marian Borecki, Elżbieta Sarnowska-Temeriusz, Mikołaj Szymański oraz zespół oprac. M. R. Mayenowa (przewodn.) [et al.] ; Find
    • v
    • Numeracja (P)
    • t. 4
490 -Strefa serii i książki wielotomowej - forma nie do wyszukiwania [1, ]
    • a
    • Tytuł (P)
    • Biblioteka Pisarzów Polskich. Seria B, Find
    • x
    • ISSN (NP)
    • 0519-864X ;
    • v
    • Numeracja (P)
    • nr 26
830 -Hasło dodatkowe serii i opisu książki wielotomowej - tytuł ujednolicony/tytuł [ ,0]
    • a
    • Tytuł ujednolicony/tytuł (NP)
    • Biblioteka Pisarzów Polskich.
    • n
    • Oznaczenie części/podserii/sekcji (P)
    • Seria B
    • x
    • ISSN
    • 0519-864X
    • v
    • Oznaczenie tomu (NP)
    • nr 26
    • 9
    • KHW
    • 47057
500 -Uwaga ogólna [ , ]
    • a
    • Uwaga ogólna (NP)
    • Polska Akademia Nauk. Instytut Badań Literackich.
504 -Uwaga dot. bibliogr. załącznikowej [ , ]
    • a
    • Uwaga dot. bibliografii załącznikowej
    • Bibliogr. s. 287-289.
080 -Uniwersalna Klasyfikacja Dziesiętna [ , ]
    • a
    • Symbol klasyfikacji
    • 821.162.1-1
    • 2
    • Identyfikator wydania tablic
    • UDC-P058
    • 9
    • UKD
    • 8011
    • b
    • Dopowiedzenie
    • Literatura polska. - Poezja. Dramat poetycki.
    • 4
    • UKD2
    • 8484
    • x
    • Poddział wspólny
    • "15"
    • c
    • Dopowiedzenie poddz. wspólnego
    • Wiek XVI.
655 -Hasło w funkcji tematu formalnego [ ,7]
    • a
    • Hasło
    • Poezja liryczna polska
    • y
    • Określnik chronologiczny
    • 16 w.
    • 2
    • Źródło terminu
    • kaba
    • 9
    • KHW
    • 374558
980 -Symbol UKD [ , ]
    • a
    • UKD
    • 821.162.1-1"15"
700 -Hasło dodatkowe - nazwa osobowa [1, ]
    • a
    • Nazwa osobowa (NP)
    • Mayenowa, Maria Renata Find
    • d
    • Daty biograficzne (NP)
    • (1908-1988).
    • e
    • Określenie rodzaju współpracy
    • Oprac.
    • 9
    • KHW
    • 17968
700 -Hasło dodatkowe - nazwa osobowa [1, ]
    • a
    • Nazwa osobowa (NP)
    • Woronczak, Jerzy Find
    • d
    • Daty biograficzne (NP)
    • (1923-2003).
    • e
    • Określenie rodzaju współpracy
    • Red.
    • 9
    • KHW
    • 45551
700 -Hasło dodatkowe - nazwa osobowa [1, ]
    • a
    • Nazwa osobowa (NP)
    • Wilczewska, Krystyna. Find
    • e
    • Określenie rodzaju współpracy
    • Oprac.
    • 9
    • KHW
    • 24112
710 -Hasło dodatkowe - nazwa ciała zbiorowego [2, ]
    • a
    • Nazwa ciała zbiorowego lub nazwa geograficzna jako pierwszy element (NP)
    • Zakład Narodowy im. Ossolińskich.
    • b
    • Nazwa jednostki podrzędnej (P)
    • Wydawnictwo.
    • 4
    • Kod relacji
    • pbl
    • 9
    • KHW
    • 54188
800 -Hasło dodatkowe opisu książki wielotomowej - nazwa osobowa [1, ]
    • a
    • Nazwa osobowa (NP)
    • Kochanowski, Jan
    • d
    • Daty biograficzne (NP)
    • (1530-1584).
    • t
    • Tytuł ujednolicony/tytuł (NP)
    • Dzieła wszystkie: wydanie sejmowe
    • v
    • Oznaczenie tomu (NP)
    • t. 4
    • 9
    • KHW
    • 55111
920 -ISBN [ , ]
    • a
    • ISBN
    • 83-04-02209-5 Find
Numer inwentarzowy Data inwentaryzacji Sygnatura Lokalizacja Status udost.
Z.820881998-09-11 BG1
W.1757631998-09-11 BG-3
P.101281998-09-11POL. Jan Kochanowski 07BM1